000 00651nam a2200205Ia 4500
003 GCL
005 20240530104202.0
008 140319s9999 xx 000 0 ara d
040 _aGCL /
_cGCL
082 0 4 _a953
_bح د
100 1 _aحسان حلاق
245 1 0 _aدراسات فى تاريخ الحضارة الاسلامية /
_cحسان حلاق
250 _aط1
260 _aالقاهرة :
_bدار النهضة العربية ،
_c1989
300 _a510 ص ؛
_c24 سم
650 0 4 _aالاسلام والمسيحية
650 0 4 _aالتاريخ الاسلامى
650 0 4 _aالحضارة الاسلامية
942 _2ddc
_cBK
999 _c45312
_d45312